000 00823nac a22002297a 4500
001 BR8707506
003 BR-BrBNA
005 20240105120634.0
008 230509b bl.|||m| |||| 00| 0 por d
040 _aBR-BrBNA
_bpor
_cBiblioteca Nacional de Agricultura
072 _aN20
090 _aN20 BR8707506
110 1 _aEmpresa Brasileira de Assistencia Tecnica e Extensao Rural, Brasilia, DF (Brasil)
245 1 _aFichador de colchete de cerca de arame
_bTecnica para producao animal
260 3 _aBrasilia, DF (Brasil):
_c1986.
300 _ap. 55-56
490 _aFichario de Tecnologias Adaptadas - Empresa Brasileira de Assistencia Tecnica e Extensao Rural (Brazil)
_vv. 28(670)
_x
650 _aEQUIPAMENTO RURAL
650 _aCERCA
909 _a202312
_bLúcia Elande
_c55
_dLúcia Elande
942 _2AGRIS
_n0
_cMS
999 _c280611
_d280611